[Event "4th London Classic Open"]
[Site "London ENG"]
[Date "2012.12.01"]
[Round "1"]
[White "Dale,Ari"]
[Black "Spychala,Josefa"]
[Result "1-0"]
[WhiteElo "2122"]
[BlackElo "1521"]
[WhiteFideId "3213145"]
[BlackFideId "1136208"]
[EventDate "2012.12.01"]

1. d4 e6 2. c4 Nf6 3. Nc3 d5 4. cxd5 Nxd5 5. e4 Nxc3 6. bxc3 c5 7. Nf3 cxd4 8.
cxd4 Bb4+ 9. Bd2 Bxd2+ 10. Qxd2 O-O 11. Bc4 a6 12. a4 Nc6 13. O-O Rb8 14. Rfb1
b6 15. Qf4 Bb7 16. Rd1 Ne7 17. Ne5 Qd6 18. Rab1 Rbc8 19. Bf1 Nc6 20. Rxb6 1-0

[Event "4th London Classic Open"]
[Site "London ENG"]
[Date "2012.12.01"]
[Round "1"]
[White "Kazmierczak,Ewa"]
[Black "Luncasu,R"]
[Result "0-1"]
[WhiteElo "1487"]
[BlackElo "2118"]
[WhiteFideId "1154877"]
[BlackFideId "1206222"]
[EventDate "2012.12.01"]

1. e4 c5 2. Nf3 d6 3. d4 cxd4 4. Nxd4 Nf6 5. f3 Nc6 6. c4 Qb6 7. Nc2 e6 8. Nc3
a6 9. b3 Be7 10. Be3 Qc7 11. Be2 O-O 12. O-O b6 13. Qd2 Ne5 14. Rac1 Bb7 15. Qd4
Ned7 16. Bf2 Rab8 17. Rfd1 Rfc8 18. Bg3 Ne8 19. Ne3 Qc5 20. Qxc5 Rxc5 21. Rd3
Rbc8 22. Bf2 b5 23. Rcd1 R5c7 24. R3d2 Bg5 25. Rd3 Nb6 26. Bg3 bxc4 27. bxc4
Nxc4 28. Nxc4 Rxc4 29. Nb1 Rc2 30. Bf1 Rxa2 31. Rb3 Bc6 32. Bf2 Ba4 0-1

[Event "4th London Classic Open"]
[Site "London ENG"]
[Date "2012.12.02"]
[Round "2"]
[White "Pert,R"]
[Black "Bates,C"]
[Result "1/2-1/2"]
[WhiteTitle "IM"]
[WhiteElo "2454"]
[BlackElo "2200"]
[WhiteFideId "404748"]
[BlackFideId "414760"]
[EventDate "2012.12.01"]

1. d4 Nf6 2. c4 e6 3. Nc3 Bb4 4. a3 Bxc3+ 5. bxc3 d6 6. f3 Qe7 7. e4 e5 8. Bd3
O-O 9. Ne2 c5 10. O-O Nc6 11. d5 Na5 12. Bg5 h6 13. Bh4 g5 14. Bf2 Nh5 15. Kh1
b6 16. Ng3 Nxg3+ 17. hxg3 f5 18. exf5 Bxf5 19. Bxf5 Rxf5 20. Qd3 Qh7 21. Rae1 g4
22. Re4 gxf3 23. gxf3 Raf8 24. Be1 h5 25. Kg2 Qg6 26. Rh4 R5f6 27. Qxg6+ Rxg6
28. Rfh1 Rf5 29. a4 Kf7 30. Rxh5 Rxh5 31. Rxh5 Nxc4 32. Kf2 Nb2 33. Ke2 Nxa4 34.
Rh8 Rg8 35. Rh6 Rg6 36. Rh8 Nb2 37. Ra8 Rg7 38. Rxa7+ Kf6 39. Ra1 Rb7 40. Rb1
Nc4 41. Kd3 b5 42. Bd2 e4+ 43. fxe4 Nxd2 44. Kxd2 Ke5 45. Ke3 Rg7 46. Kf3 Rf7+
47. Ke3 Rg7 48. Kf3 Rf7+ 49. Ke3 Rg7 1/2-1/2

[Event "4th London Classic Open"]
[Site "London ENG"]
[Date "2012.12.02"]
[Round "2"]
[White "Caoili,A"]
[Black "Sadzikowski,D"]
[Result "1/2-1/2"]
[WhiteTitle "WIM"]
[BlackTitle "IM"]
[WhiteElo "2202"]
[BlackElo "2449"]
[WhiteFideId "5201179"]
[BlackFideId "1132253"]
[EventDate "2012.12.01"]

1. Nf3 c5 2. c4 Nc6 3. Nc3 Nf6 4. e4 e6 5. d3 d6 6. Be2 Be7 7. O-O a6 8. d4 cxd4
9. Nxd4 O-O 10. Be3 Bd7 11. f3 Qb8 12. a4 Rc8 13. Nc2 b6 14. Rb1 Ne5 15. b3 Bc6
16. Nd4 Bb7 17. f4 Ned7 18. Bf3 Nc5 19. Qc2 g6 20. g4 Bf8 21. g5 Ne8 22. f5 e5
23. Nde2 Ng7 24. Ng3 b5 25. Nd5 Bxd5 26. exd5 e4 27. Bxe4 Qc7 28. f6 Ne8 29.
axb5 axb5 30. cxb5 Qb7 31. Qe2 Nxe4 32. Nxe4 Qxd5 33. Bf2 Rab8 34. b6 Qe6 35.
Ng3 Qd5 36. Qg4 Qb7 37. Ra1 d5 38. Ra7 Qc6 39. Qa4 Bc5 40. Qxc6 Bxf2+ 41. Rxf2
Rxc6 42. b7 Rc7 43. Rd2 Rcxb7 44. Rxb7 Rxb7 45. Rxd5 Rxb3 46. Rd8 Re3 47. Kf2
Re6 48. Kf3 h6 49. h4 hxg5 50. hxg5 Kh7 51. Ne4 Kg8 52. Kf4 Kh7 53. Rd7 Kg8 54.
Ke3 Rc6 55. Rd8 Kf8 56. Kd4 Rc1 57. Nd6 Rd1+ 58. Kc5 Rc1+ 59. Kb6 Rb1+ 60. Nb5
Rb2 61. Kc6 Rc2+ 62. Kb7 Rb2 63. Rd5 Rf2 64. Rd8 Rb2 1/2-1/2

[Event "4th London Classic Open"]
[Site "London ENG"]
[Date "2012.12.02"]
[Round "2"]
[White "Boruchovsky,A"]
[Black "Marusenko,P"]
[Result "1-0"]
[WhiteTitle "IM"]
[BlackTitle "IM"]
[WhiteElo "2448"]
[BlackElo "2197"]
[WhiteFideId "2800055"]
[BlackFideId "14100606"]
[EventDate "2012.12.01"]

1. e4 c6 2. d4 d5 3. Nd2 dxe4 4. Nxe4 Bf5 5. Ng3 Bg6 6. h4 h6 7. Nf3 Nd7 8. h5
Bh7 9. Bd3 Bxd3 10. Qxd3 e6 11. Bf4 Qa5+ 12. Bd2 Qc7 13. O-O-O Ngf6 14. Ne4
O-O-O 15. c4 Nxe4 16. Qxe4 Nf6 17. Qc2 c5 18. Qa4 Kb8 19. Rh4 Bd6 20. Kb1 Nd7
21. Ba5 Nb6 22. Qc2 Be7 23. Re4 cxd4 24. Nxd4 Qc5 25. Bxb6 Qxb6 26. f4 Rd7 27.
Nf3 Rxd1+ 28. Qxd1 Rd8 29. Rd4 Rxd4 30. Qxd4 Qxd4 31. Nxd4 Bc5 32. Ne2 Kc7 33.
Kc2 Kd6 34. Kd3 f5 35. Nd4 Ke7 36. a3 a5 37. Nb3 Bb6 38. c5 Bc7 39. a4 Kf6 40.
Kc4 g5 41. hxg6 Kxg6 42. Kb5 Bxf4 43. Nxa5 h5 44. Nxb7 Bb8 45. Kc4 f4 46. Kd3
Kf5 47. a5 h4 48. Ke2 Ke4 49. a6 Kd5 50. b4 Kc6 51. Nd8+ Kb5 52. Nxe6 Kxa6 53.
c6 1-0

[Event "4th London Classic Open"]
[Site "London ENG"]
[Date "2012.12.02"]
[Round "2"]
[White "Farrand,T"]
[Black "Hamitevici,V"]
[Result "0-1"]
[BlackTitle "IM"]
[WhiteElo "2200"]
[BlackElo "2440"]
[WhiteFideId "406457"]
[BlackFideId "13902393"]
[EventDate "2012.12.01"]

1. e4 c5 2. Nc3 d6 3. f4 g6 4. Nf3 Bg7 5. Bb5+ Bd7 6. Bc4 Nc6 7. d3 Na5 8. Bb3
b5 9. Bd5 Rc8 10. a4 b4 11. Ne2 e6 12. Ba2 Qb6 13. c3 c4 14. Bxc4 Nxc4 15. dxc4
Nf6 16. a5 Qc5 17. cxb4 Qxb4+ 18. Bd2 Qxc4 19. e5 Ne4 20. Rc1 Qd5 21. Nc3 Nxc3
22. Bxc3 Qe4+ 23. Kf2 Qxf4 24. exd6 Bxc3 25. Rxc3 O-O 26. Qd3 Rc6 27. Rd1 Rb8
28. Rxc6 Bxc6 29. Qc3 Bd5 30. d7 Kf8 31. Qc8+ Kg7 32. d8=Q Rxb2+ 33. Kg1 Rxg2+
34. Kh1 Rxh2+ 35. Kg1 Qg3+ 36. Kf1 Qf2# 0-1

[Event "4th London Classic Open"]
[Site "London ENG"]
[Date "2012.12.02"]
[Round "2"]
[White "Kiik,K"]
[Black "Hodgson,Jo"]
[Result "1/2-1/2"]
[WhiteTitle "IM"]
[WhiteElo "2437"]
[BlackElo "2192"]
[WhiteFideId "4500075"]
[BlackFideId "403520"]
[EventDate "2012.12.01"]

1. c4 Nf6 2. g3 d5 3. cxd5 Nxd5 4. Bg2 c5 5. Nc3 Nc7 6. Qa4+ Bd7 7. Qb3 Nc6 8.
Qxb7 Nb4 9. Qe4 Qc8 10. Qb1 Rb8 11. a3 Nc6 12. Nf3 e5 13. Qe4 f6 14. d3 Be7 15.
O-O Nd4 16. Nxd4 cxd4 17. Nd5 Nxd5 18. Qxd5 Be6 19. Qa5 Bc5 20. b4 Bb6 21. Qa4+
Bd7 22. Qb3 Be6 23. Bd5 Bxd5 24. Qxd5 Qd7 25. Qxd7+ Kxd7 26. Bd2 Rhc8 27. Rfc1
a6 28. g4 Rc6 29. Rxc6 Kxc6 30. a4 Bc7 31. Rc1+ Kd7 32. Kg2 Bd6 33. Rc4 h5 34.
h3 hxg4 35. hxg4 Rh8 36. Rc2 Rb8 37. Rb2 Kc6 38. Kf3 Kd5 39. e3 dxe3 40. fxe3 g6
41. e4+ Kc6 42. Ke2 Rh8 43. Be1 Kb7 44. Bf2 Rh1 45. b5 axb5 46. Rxb5+ Kc6 47.
Ra5 Ra1 48. Ra6+ Kc7 49. Ra7+ Kc6 50. Rf7 Ra2+ 51. Kf1 Ra1+ 52. Kg2 f5 53. exf5
Rxa4 54. Kh3 gxf5 55. Rxf5 e4 56. dxe4 Rxe4 57. Kh4 Rf4 58. Kg5 Rxf5+ 59. gxf5
Be5 60. Kg6 Kd5 61. Kf7 Ke4 62. Ke6 Bc3 63. Bh4 Bd4 64. Bg5 Bc3 65. Bf6 Bd2 66.
Be5 Bg5 67. Bc3 Bh4 68. Bd2 Bd8 69. Be1 Bg5 1/2-1/2

[Event "4th London Classic Open"]
[Site "London ENG"]
[Date "2012.12.02"]
[Round "2"]
[White "Spivack,S"]
[Black "Zhou,Y"]
[Result "0-1"]
[BlackTitle "IM"]
[WhiteElo "2192"]
[BlackElo "2419"]
[WhiteFideId "404780"]
[BlackFideId "468584"]
[EventDate "2012.12.01"]

1. e4 c5 2. Nf3 Nc6 3. d3 g6 4. g3 Bg7 5. Bg2 e5 6. Nc3 Nge7 7. Nd5 O-O 8. Bg5
f6 9. Be3 d6 10. c3 Nxd5 11. exd5 Ne7 12. Qb3 Kh8 13. h4 h6 14. Ng1 Rb8 15. Ne2
Bg4 16. f3 Bd7 17. Bh3 b5 18. Bg2 Re8 19. Kf2 Nxd5 20. Bxc5 Be6 21. Bxa7 Ra8 22.
c4 Rxa7 23. cxd5 Qb6+ 24. d4 exd4 25. Nf4 d3+ 26. Kf1 Bf5 27. g4 Qe3 28. gxf5
Qxf4 29. Qxd3 Rae7 30. Rh3 Re3 31. Qxb5 Qxf5 32. Rc1 Qe5 33. Kg1 Re2 34. Qd3
Qxb2 0-1

[Event "4th London Classic Open"]
[Site "London ENG"]
[Date "2012.12.02"]
[Round "2"]
[White "Iwanow,A"]
[Black "D'Costa,L"]
[Result "0-1"]
[WhiteTitle "WIM"]
[BlackTitle "IM"]
[WhiteElo "2188"]
[BlackElo "2417"]
[WhiteFideId "1135988"]
[BlackFideId "409219"]
[EventDate "2012.12.01"]

1. e4 c5 2. Nf3 Nc6 3. d4 cxd4 4. Nxd4 Qb6 5. Nb3 Nf6 6. Nc3 e6 7. Be3 Qc7 8. f3
Bb4 9. Be2 d5 10. O-O dxe4 11. fxe4 O-O 12. Nb5 Qb8 13. c3 Be7 14. Nd2 Rd8 15.
Nd4 Bd7 16. Qe1 Be8 17. a4 Qc7 18. Nb5 Qc8 19. Kh1 b6 20. Qg3 e5 21. Na3 Kh8 22.
Nac4 Qc7 23. Bg5 Ng8 24. Nf3 f6 25. Bd2 Na5 26. Ne3 Nb3 27. Nd5 Qb7 28. Rae1 Nc5
29. Bc4 Rac8 30. b3 Bg6 31. Qg4 Qd7 32. Qh4 Bf8 33. Bc1 Qb7 34. Qg4 Qd7 35. Qh4
Qb7 36. Qg4 Bf7 37. Rd1 Be6 38. Qh5 Nxe4 39. Nf4 Nf2+ 40. Rxf2 Rxd1+ 41. Ng1
exf4 42. Qxd1 Bxc4 43. bxc4 Rxc4 44. Ne2 Qc6 45. Rxf4 Rxf4 46. Bxf4 Bc5 47. h3
b5 48. axb5 Qxb5 49. Ng3 Qc4 50. Bd6 Bxd6 51. Qxd6 Qxc3 52. Kh2 a5 53. Qd7 Qe5
54. Qd3 g6 55. Qa3 Kg7 56. Kg1 Ne7 57. Qa4 Qxg3 0-1

[Event "4th London Classic Open"]
[Site "London ENG"]
[Date "2012.12.02"]
[Round "2"]
[White "Jaunooby,A"]
[Black "Hanley,C"]
[Result "0-1"]
[BlackTitle "IM"]
[WhiteElo "2178"]
[BlackElo "2412"]
[WhiteFideId "413291"]
[BlackFideId "408514"]
[EventDate "2012.12.01"]

1. d4 e6 2. Nf3 c5 3. c3 Nc6 4. Bf4 cxd4 5. cxd4 Qb6 6. Bc1 Nf6 7. Nc3 d5 8. e3
Bb4 9. a3 Bxc3+ 10. bxc3 Ne4 11. Nd2 Nxd2 12. Bxd2 Na5 13. Rb1 Qc7 14. Bb5+ Bd7
15. Qa4 b6 16. Qb4 Bxb5 17. Qxb5+ Qd7 18. Ke2 Rc8 19. Kd3 Rc6 20. a4 O-O 21.
Rhc1 Nc4 22. Rb3 e5 23. f3 Qd6 24. Re1 Qg6+ 25. e4 Qxg2 26. Be3 Rfc8 27. Re2
Qxf3 28. Qxd5 Nxe3 0-1

[Event "4th London Classic Open"]
[Site "London ENG"]
[Date "2012.12.02"]
[Round "2"]
[White "Steil Antoni,F"]
[Black "Slavin,A"]
[Result "1/2-1/2"]
[WhiteTitle "WIM"]
[BlackTitle "IM"]
[WhiteElo "2169"]
[BlackElo "2397"]
[WhiteFideId "4001249"]
[BlackFideId "24104388"]
[EventDate "2012.12.01"]

1. e4 c5 2. c3 g6 3. d4 cxd4 4. cxd4 d5 5. e5 Nc6 6. Nc3 Nh6 7. h3 Bg7 8. g4 f6
9. f4 fxe5 10. fxe5 O-O 11. Bg2 e6 12. Nf3 b5 13. O-O Nf7 14. Be3 Ba6 15. Rf2
Rc8 16. Qd2 Qa5 17. h4 b4 18. Ne2 Bxe2 19. Rxe2 Rc7 20. h5 Qa6 21. b3 g5 22. h6
Nxh6 23. Nxg5 Ne7 24. Bf1 Rc3 25. Rh2 Rxf1+ 26. Rxf1 Nxg4 27. Rf3 Nxh2 28. Qxh2
Qd3 29. Qh5 Qg6 30. Qxg6 hxg6 31. Nxe6 Bh6 32. Kf2 Rc2+ 33. Ke1 Bxe3 34. Rxe3
Rxa2 35. Rf3 Nf5 36. Rf4 Rc2 37. Rg4 Kf7 38. Nf4 Nxd4 39. Rxg6 Nf3+ 40. Kd1 Rd2+
41. Kc1 Nxe5 42. Kxd2 Nxg6 43. Nxd5 a5 44. Kd3 Ke6 45. Ne3 Ne5+ 46. Kd4 Kd6 47.
Nf5+ Ke6 48. Ne3 Kd6 49. Nf5+ Ke6 1/2-1/2

[Event "4th London Classic Open"]
[Site "London ENG"]
[Date "2012.12.02"]
[Round "2"]
[White "Moloney,N"]
[Black "Gullaksen,E"]
[Result "0-1"]
[BlackTitle "IM"]
[WhiteElo "2168"]
[BlackElo "2384"]
[WhiteFideId "405558"]
[BlackFideId "1500945"]
[EventDate "2012.12.01"]

1. d4 Nf6 2. Nf3 g6 3. Bg5 Bg7 4. Nbd2 O-O 5. c3 d6 6. e4 c5 7. dxc5 dxc5 8. Bc4
Qc7 9. Qe2 Nc6 10. O-O h6 11. Bxf6 exf6 12. Rad1 Re8 13. Rfe1 a6 14. a4 Bd7 15.
Nb3 Ne5 16. Nxe5 Rxe5 17. a5 Ba4 18. Rd5 Rae8 19. Rxe5 Rxe5 20. Qd3 Re7 21. Qg3
Qxg3 22. hxg3 Bc6 23. Nxc5 f5 24. Kf1 fxe4 25. Nd3 Kf8 26. Nb4 Be8 27. Rd1 Be5
28. Nd5 Rd7 29. Ke2 f5 30. Ne3 Ke7 31. Rxd7+ Kxd7 32. Bd5 Kc7 33. Nc4 Bf6 34. f3
exf3+ 35. gxf3 h5 36. f4 g5 37. Bxb7 gxf4 38. gxf4 Kxb7 39. Nd6+ Kc6 40. Nxe8
Bh8 0-1

[Event "4th London Classic Open"]
[Site "London ENG"]
[Date "2012.12.02"]
[Round "2"]
[White "Crouch,C"]
[Black "Guthrie,D"]
[Result "1-0"]
[WhiteTitle "IM"]
[WhiteElo "2382"]
[BlackElo "2167"]
[WhiteFideId "400947"]
[BlackFideId "4300505"]
[EventDate "2012.12.01"]

1. d4 Nf6 2. c4 g6 3. f3 Bg7 4. e4 d6 5. Ne2 O-O 6. Nec3 a6 7. Bg5 c6 8. a4 a5
9. Na3 Na6 10. Qd2 e5 11. d5 Nc5 12. Rd1 Nb3 13. Qe3 Nd4 14. h4 Qe8 15. Qf2 Nd7
16. h5 f5 17. Qh4 gxh5 18. Qxh5 Qxh5 19. Rxh5 Nf6 20. Bxf6 Rxf6 21. Bd3 f4 22.
c5 Rg6 23. Kf2 dxc5 24. Nc4 b5 25. Nxe5 Bxe5 26. Rxe5 bxa4 27. Bc4 Ba6 28. Bxa6
Rxa6 29. Nxa4 cxd5 30. Rxd5 Nc2 31. Rd8+ Kg7 32. R8d7+ Kh6 33. Rh1+ Kg5 34.
Rhxh7 Ne3 35. g3 Rad6 36. Rxd6 Rxd6 37. gxf4+ Kxf4 38. Rf7+ Nf5 39. Rxf5# 1-0

[Event "4th London Classic Open"]
[Site "London ENG"]
[Date "2012.12.02"]
[Round "2"]
[White "Ethelontis,A"]
[Black "Schneider,Ig"]
[Result "0-1"]
[BlackTitle "FM"]
[WhiteElo "2155"]
[BlackElo "2376"]
[WhiteFideId "405469"]
[BlackFideId "2019043"]
[EventDate "2012.12.01"]

1. c4 e6 2. g3 d5 3. Bg2 c6 4. Nf3 dxc4 5. O-O b5 6. a4 Bb7 7. b3 cxb3 8. Qxb3
b4 9. Ne5 a5 10. Bb2 Nf6 11. f4 Qb6+ 12. e3 c5 13. Bxb7 Qxb7 14. Na3 Be7 15. f5
Qd5 16. Nac4 O-O 17. d3 Ra6 18. e4 Qd8 19. fxe6 Rxe6 20. Rf5 Nc6 21. Nxc6 Rxc6
22. Raf1 Re6 23. h3 Nd7 24. Ne3 Qc7 25. Kg2 Qc6 26. Nc4 Nb6 27. Nxb6 Qxb6 28.
Rd5 Qc7 29. Rf3 Rd8 30. Rdf5 c4 31. dxc4 Rd2+ 32. Rf2 Rxf2+ 33. Rxf2 Qc6 34. Kh2 0-1

[Event "4th London Classic Open"]
[Site "London ENG"]
[Date "2012.12.02"]
[Round "2"]
[White "Weber,T"]
[Black "Eriksson,B1"]
[Result "1-0"]
[WhiteTitle "FM"]
[WhiteElo "2372"]
[BlackElo "2154"]
[WhiteFideId "4000609"]
[BlackFideId "1702777"]
[EventDate "2012.12.01"]

1. c4 c5 2. g3 e5 3. Bg2 Nc6 4. Nc3 d6 5. e3 Be6 6. Nd5 g6 7. Ne2 Bg7 8. Nec3
Nge7 9. a3 Qd7 10. h4 h5 11. O-O O-O 12. Kh2 Bf5 13. d3 Qd8 14. Rb1 Nxd5 15.
Nxd5 Rb8 16. b4 Re8 17. Nc3 Ne7 18. b5 Be6 19. e4 b6 20. a4 Rf8 21. a5 Kh7 22.
Ra1 a6 23. bxa6 Ra8 24. axb6 Qxb6 25. Qa4 Bc8 26. a7 Nc6 27. Qb5 Qb7 28. Qxb7
Bxb7 29. Nb5 Rfd8 30. Bd2 Rd7 31. Bh3 Re7 32. Nxd6 Rxa7 33. Rxa7 Nxa7 34. Rb1
Bc6 35. Ba5 f5 36. exf5 e4 37. fxg6+ Kxg6 38. Bf5+ Kf6 39. Bc3+ Re5 40. dxe4 Ke7
41. Bxe5 Bxe5 42. Nb5 Nxb5 43. cxb5 Bb7 44. f4 Bd4 45. e5 c4 46. Rd1 1-0

[Event "4th London Classic Open"]
[Site "London ENG"]
[Date "2012.12.02"]
[Round "2"]
[White "Szabo,Ben"]
[Black "Zymberi,As"]
[Result "1-0"]
[WhiteElo "2365"]
[BlackElo "2154"]
[WhiteFideId "733776"]
[BlackFideId "4700295"]
[EventDate "2012.12.01"]

1. Nf3 Nf6 2. c4 g6 3. Nc3 Bg7 4. e4 d6 5. d4 O-O 6. h3 e5 7. d5 Na6 8. Bg5 h6
9. Be3 Nc5 10. Nd2 a5 11. Be2 Ne8 12. g4 f5 13. exf5 gxf5 14. Rg1 e4 15. Qc2
Nd3+ 16. Bxd3 f4 17. Ndxe4 fxe3 18. O-O-O exf2 19. Nxf2 Bxc3 20. bxc3 Qg5+ 21.
Kb1 Nf6 22. h4 Qxh4 23. g5 hxg5 24. Rh1 Qf4 25. Bh7+ Kh8 26. Bg8+ Kg7 27. Rh7+
Nxh7 28. Qxh7+ Kf6 29. Ne4+ Qxe4+ 30. Qxe4 Bf5 31. Rf1 Kg6 32. Rxf5 Rxf5 33.
Bf7+ 1-0

[Event "4th London Classic Open"]
[Site "London ENG"]
[Date "2012.12.02"]
[Round "2"]
[White "Berry,N"]
[Black "Radovanovic,J"]
[Result "1/2-1/2"]
[WhiteTitle "FM"]
[BlackTitle "FM"]
[WhiteElo "2247"]
[BlackElo "2361"]
[WhiteFideId "2400650"]
[BlackFideId "915912"]
[EventDate "2012.12.01"]

1. d4 Nf6 2. c4 e6 3. g3 d5 4. Nf3 Bb4+ 5. Bd2 Be7 6. Bg2 c6 7. O-O b6 8. Qc2
Ba6 9. b3 O-O 10. Rd1 Nbd7 11. a4 c5 12. a5 Qc8 13. Be1 dxc4 14. bxc4 cxd4 15.
Nxd4 Bb7 16. Bxb7 Qxb7 17. Nd2 Nc5 18. Rdb1 Nfd7 19. N2b3 Bf6 20. Ra3 Nxb3 21.
Nxb3 Rfc8 22. Nd2 Qc6 23. Qa2 h5 24. axb6 axb6 25. Rxa8 Rxa8 26. Qb3 Rc8 27. Qb5
h4 28. Qxc6 Rxc6 29. Rb3 Nc5 30. Rb5 hxg3 31. hxg3 Nb7 32. Ne4 Be7 33. Bb4 Bd8
34. Nd2 f5 35. f4 Kf7 36. Kf2 Ke8 37. e4 g6 38. Ke3 Kd7 39. Nf3 Bc7 40. Nd2 Bd6
41. exf5 exf5 42. Bxd6 Nxd6 43. Rd5 Ke6 44. Kd4 Rc8 45. Re5+ Kd7 46. Rd5 Ra8 47.
c5 bxc5+ 48. Kxc5 Ra5+ 1/2-1/2

[Event "4th London Classic Open"]
[Site "London ENG"]
[Date "2012.12.02"]
[Round "2"]
[White "Roberson,P"]
[Black "Holzhauer,B"]
[Result "1-0"]
[WhiteTitle "FM"]
[WhiteElo "2350"]
[BlackElo "2153"]
[WhiteFideId "412384"]
[BlackFideId "20605544"]
[EventDate "2012.12.01"]

1. e4 c5 2. c3 d5 3. exd5 Qxd5 4. d4 g6 5. Nf3 Bg7 6. c4 Qd8 7. d5 e5 8. Nc3 Ne7
9. h4 Nf5 10. h5 Nd4 11. Nxd4 cxd4 12. Ne4 Bf5 13. Qa4+ Kf8 14. h6 Bf6 15. Nxf6
Qxf6 16. Bd2 Na6 17. Qa3+ Qe7 18. d6 Qd8 19. c5 Nb8 20. Bc4 Nd7 21. b4 a5 22.
Bd5 axb4 23. Qxb4 Rc8 24. Rc1 b6 25. c6 Nc5 26. Rxc5 bxc5 27. Qb7 Bd7 28. Qxd7
Qxd7 29. cxd7 Rd8 30. Bc6 f5 31. Bg5 Rxd7 32. Bxd7 Kf7 33. Bb5 Ke6 34. d7 Kd5
35. d8=Q+ Rxd8 36. Bxd8 e4 37. Bg5 c4 38. Kd2 c3+ 39. Kc2 1-0

[Event "4th London Classic Open"]
[Site "London ENG"]
[Date "2012.12.02"]
[Round "2"]
[White "Friedland,J"]
[Black "Kojima,S"]
[Result "0-1"]
[WhiteTitle "CM"]
[BlackTitle "FM"]
[WhiteElo "2125"]
[BlackElo "2340"]
[WhiteFideId "408484"]
[BlackFideId "7000812"]
[EventDate "2012.12.01"]

1. e4 c6 2. d4 d5 3. Nc3 dxe4 4. Nxe4 Bf5 5. Ng3 Bg6 6. Nf3 Nd7 7. Bc4 e6 8. O-O
Ngf6 9. Re1 Qc7 10. c3 Bd6 11. Qe2 O-O 12. Nh4 c5 13. Nxg6 hxg6 14. dxc5 Nxc5
15. Bg5 Bf4 16. Bxf4 Qxf4 17. Rad1 Rfd8 18. h3 Rac8 19. Bb3 Nxb3 20. axb3 Qc7
21. Ne4 Qb6 22. b4 Nxe4 23. Qxe4 a5 24. bxa5 Qxb2 25. Qh4 Rd2 26. Qe7 Qxc3 27.
Qxb7 Rb2 28. Qe7 Qf6 29. Qxf6 gxf6 30. Ra1 Rcc2 31. Rf1 Ra2 32. a6 Rxf2 33. Rfb1
Rxg2+ 34. Kh1 Rh2+ 35. Kg1 Rag2+ 36. Kf1 Rb2 37. Rxb2 Rh1+ 38. Kg2 Rxa1 39. Rb6
Ra3 40. Rc6 Kg7 41. Rb6 g5 42. Rc6 Kg6 43. Rb6 f5 44. Rc6 Kh5 45. Rb6 f4 46. Rc6
e5 47. Rf6 e4 48. Kf2 Ra2+ 49. Kf1 Kh4 50. Rxf7 Kg3 51. a7 f3 52. Ke1 e3 53. Kd1
e2+ 0-1

[Event "4th London Classic Open"]
[Site "London ENG"]
[Date "2012.12.02"]
[Round "2"]
[White "Moriuchi,T"]
[Black "Maduekwe,C"]
[Result "1-0"]
[WhiteElo "2316"]
[BlackElo "2151"]
[WhiteFideId "7000405"]
[BlackFideId "8500118"]
[EventDate "2012.12.01"]

1. e4 e6 2. d4 d5 3. Nc3 Nf6 4. e5 Nfd7 5. f4 c5 6. Nf3 Nc6 7. Be3 Be7 8. Qd2
O-O 9. dxc5 Nxc5 10. O-O-O Qc7 11. Kb1 a6 12. Qf2 b6 13. Bd3 f6 14. exf6 Nxd3
15. cxd3 Bxf6 16. g3 Bd7 17. Rc1 Rab8 18. Na4 Qb7 19. Bxb6 Nb4 20. Rc7 Bxa4 21.
Rxb7 Nxd3 22. Rxb8 Rxb8 23. Qe3 Kh8 24. Qxd3 Rxb6 25. Ne5 1-0

[Event "4th London Classic Open"]
[Site "London ENG"]
[Date "2012.12.02"]
[Round "2"]
[White "Zimmermann,Ju"]
[Black "Ociepka,A"]
[Result "1-0"]
[WhiteTitle "FM"]
[WhiteElo "2299"]
[BlackElo "2143"]
[WhiteFideId "4667654"]
[BlackFideId "1141937"]
[EventDate "2012.12.01"]

1. e4 e5 2. Nf3 Nc6 3. Bc4 Nf6 4. d3 Bc5 5. c3 d6 6. h3 a6 7. O-O Ba7 8. Bb3 O-O
9. Be3 Ne7 10. Nbd2 Ng6 11. Re1 Qe7 12. Nh2 Kh8 13. Ndf1 Be6 14. Ng3 c6 15. d4
Qc7 16. Nf3 Bxb3 17. Qxb3 Nd7 18. Rad1 b5 19. Nf5 Nb6 20. dxe5 dxe5 21. Bc5 Rfd8
22. Bd6 Qb7 23. Nxe5 Nxe5 24. Bxe5 f6 25. Nd6 Rxd6 26. Bxd6 Nc4 27. Bg3 Re8 28.
Qc2 Qf7 29. b3 Ne5 30. Qe2 h6 31. Kh2 c5 32. f4 Ng6 33. Qg4 Re7 34. Rd8+ Kh7 35.
Qf5 c4 36. h4 Bb6 37. Rc8 1-0

[Event "4th London Classic Open"]
[Site "London ENG"]
[Date "2012.12.02"]
[Round "2"]
[White "Rudd,J"]
[Black "Dole,A"]
[Result "0-1"]
[WhiteTitle "IM"]
[WhiteElo "2288"]
[BlackElo "2138"]
[WhiteFideId "405736"]
[BlackFideId "14301490"]
[EventDate "2012.12.01"]

1. e4 e6 2. d4 d5 3. Nd2 c5 4. exd5 Qxd5 5. Ngf3 cxd4 6. Bc4 Qd7 7. Qe2 Nc6 8.
Nb3 Nf6 9. Bg5 Bb4+ 10. Kf1 a6 11. Rd1 b5 12. Bd3 Bb7 13. a3 Be7 14. Bf4 Qd5 15.
Rg1 O-O 16. Nbxd4 Nxd4 17. Nxd4 Rfd8 18. c3 g6 19. f3 Rac8 20. Bc2 Nh5 21. Nf5
gxf5 22. Rxd5 Bxd5 23. Qe5 f6 24. Qe3 Bc5 25. g4 Bxe3 26. Bxe3 fxg4 0-1

[Event "4th London Classic Open"]
[Site "London ENG"]
[Date "2012.12.02"]
[Round "2"]
[White "Luncasu,R"]
[Black "Arvola,B"]
[Result "0-1"]
[BlackTitle "FM"]
[WhiteElo "2118"]
[BlackElo "2285"]
[WhiteFideId "1206222"]
[BlackFideId "1506536"]
[EventDate "2012.12.01"]

1. e4 e6 2. d4 d5 3. exd5 exd5 4. Nf3 Bd6 5. c4 c6 6. c5 Bc7 7. Qc2 Bg4 8. Be2
Nd7 9. Be3 Ne7 10. h3 Bf5 11. Bd3 Bxd3 12. Qxd3 O-O 13. O-O Ng6 14. Nbd2 f5 15.
Bg5 Qe8 16. Rfe1 Qf7 17. Nh4 Nf4 18. Bxf4 Bxf4 19. Nhf3 Rae8 20. b4 Re4 21. Qc3
Bh6 22. a4 Qf6 23. b5 Bxd2 24. Qxd2 Rfe8 25. Qa5 Nf8 26. Qxa7 Ne6 27. Qxb7 Nxd4
28. Red1 Nxf3+ 29. gxf3 R4e6 30. bxc6 Qg5+ 31. Kh2 Qf4+ 32. Kg2 Rg6+ 0-1

[Event "4th London Classic Open"]
[Site "London ENG"]
[Date "2012.12.02"]
[Round "2"]
[White "Hebbes,T"]
[Black "Osborne,M"]
[Result "0-1"]
[WhiteElo "2111"]
[BlackElo "2280"]
[WhiteFideId "406570"]
[BlackFideId "404608"]
[EventDate "2012.12.01"]

1. Nf3 Nf6 2. g3 g6 3. Bg2 Bg7 4. O-O O-O 5. c4 d6 6. d4 Nc6 7. Nc3 Bf5 8. Re1
e5 9. d5 Ne7 10. a4 Ne4 11. Nxe4 Bxe4 12. Bh3 c6 13. Ng5 cxd5 14. f3 Bf5 15.
cxd5 Qb6+ 16. Kg2 Rac8 17. e4 Bxh3+ 18. Nxh3 Rc4 19. Be3 Qb4 20. Re2 f5 21. b3
fxe4 22. fxe4 Rxe4 23. Ng5 Bh6 24. Ne6 Bxe3 25. Nxf8 Kxf8 26. Qd3 Qd4 27. Rf1+
Kg7 28. Rd1 Qxd3 29. Rxd3 Nf5 30. h3 Rd4 31. Rc3 Rxd5 32. Rc7+ Kh6 33. h4 Bb6
34. Rxb7 Rd3 35. a5 Rxg3+ 36. Kh2 Bg1+ 37. Kh1 Nxh4 38. b4 Nf3 39. Rc7 Be3 40.
Rh2+ Nxh2 0-1